Logo Quiz #4 Poziom Bardzo Trudny - Statystyki

Ogólne statystyki
  • Ten quiz został rozwiązany 2 712 razy
  • Średni wynik to 11 z 32
Statystyki odpowiedzi
Obrazkowy Odpowiedź % Poprawnych
Knorr
94%
Playboy
86%
Motorola
82%
Internet Explorer
76%
Michelin
75%
Nintendo
73%
Bic
69%
UPS
69%
Dolby
48%
Dunkin' Donuts
44%
Ray-Ban
43%
Harley-Davidson
39%
Under Armour
39%
John Deere
35%
Yamaha
35%
Wilson
25%
Bacardi
23%
Swarovski
23%
NBC
19%
Goodyear
16%
Tide
16%
Jif
13%
Big Boy
12%
Xerox
8%
Blockbuster
7%
CBS
7%
Qantas
5%
Chevron
4%
Klondike
4%
Hoover
3%
AOL
2%
Tivo
1%
Nie znaleziono quizów pasujących do podanych kryteriów
Rozkład punktacji
Procent ludzi z każdym wynikiem
Percentyl według liczby udzielonych odpowiedzi
Twoja historia wyników
Nie rozwiązałeś tego quizu